| 000 | 00944nam a2200229 4500 | ||
|---|---|---|---|
| 001 | 121176 | ||
| 003 | ES-MaACL | ||
| 005 | 20250822041626.0 | ||
| 007 | t| | ||
| 008 | 070214s1968 sp r ||||1| spa d | ||
| 100 | 1 |
_aPreuss, Hans G. _993805 |
|
| 245 | 1 | 0 |
_aPráctica de la Psicoterapia clínica _b: primer Simposio de Medicina Psicosomática en Ebenhausen-Isartal / _cHans G. Preuss ; con la colaboración de Siegfried Elhardt ... [et al.] ; versión española por Alfredo Guera [sic] Miralles. |
| 260 |
_aMadrid : _bMorata, _c1968. |
||
| 300 |
_a166 p. ; _c21 cm. |
||
| 490 | 1 | _aFilosofía. Psicología. Pedagogía | |
| 700 | 1 |
_aElhardt, Siegfried. _946948 |
|
| 700 | 1 |
_aGuera Miralles, Alfredo. _960449 |
|
| 711 | 1 |
_aSimposio de Medicina Psicosomática ( _cEbenhausen-Isartal ( _d1968?) ( _n. 1º) _9186500 |
|
| 830 | 0 | 0 |
_aFilosofía, psicología, pedagogía _9181408 |
| 852 |
_aES-MaACL _jC-34977 _bR.66499 |
||
| 999 |
_c121176 _d121176 |
||